Daty wielkich bitew - Statystyki

Ogólne statystyki
  • Ten quiz został rozwiązany 229 razy
  • Średni wynik to 31 z 100
Statystyki odpowiedzi
Bitwa Rok % Poprawnych
pod Grunwaldem 1410
100%
warszawska 1920
75%
pod Stalingradem 1942
73%
pod Wiedniem 1683
72%
o Monte Cassino 1944
72%
pod Waterloo 1815
70%
pod Warną 1444
65%
nad Bzurą 1939
64%
pod Verdun 1916
62%
o Anglię 1940
61%
o Pearl Harbor 1941
61%
o Narwik 1940
60%
pod Kircholmem 1605
59%
pod Racławicami 1794
59%
pod Midway 1942
59%
pod Austerlitz 1805
56%
pod Lipskiem 1813
54%
na Łuku Kurskim 1943
53%
nad Sommą 1916
51%
pod Chocimiem (I) 1621
47%
o Okinawę 1945
45%
pod Kłuszynem 1610
44%
pod Beresteczkiem 1651
44%
pod Legnicą 1241
43%
nad Marną 1914
43%
pod Chocimiem (II) 1673
42%
pod Maciejowicami 1794
42%
pod Termopilami 480 pne
42%
pod El Alamein 1942
41%
pod Trafalgarem 1805
40%
o Olszynkę Grochowską 1831
40%
pod Ypres (I) 1914
40%
pod Somosierrą 1808
39%
pod Tannenbergiem 1914
39%
pod Cecorą 1620
38%
pod Maratonem 490 pne
38%
pod piramidami 1798
37%
nad Żółtymi Wodami 1648
36%
pod Borodino 1812
36%
pod Hastings 1066
34%
o Gallipoli 1915
34%
pod Płowcami 1331
33%
pod Oliwą 1627
32%
pod Poitiers 732
32%
pod Gettysburgiem 1863
31%
pod Lenino 1943
31%
pod Issos 333 pne
31%
pod Sedanem 1870
30%
pod Kannami 216 pne
28%
pod Mohaczem 1526
27%
pod Zamą 202 pne
27%
pod Gaugamelą 331 pne
27%
w Lesie Teutoburskim 9
26%
na Białej Górze 1620
24%
pod Akcjum 31 pne
24%
pod Cheroneą 338 pne
24%
pod Salaminą 480 pne
24%
pod Połtawą 1709
23%
pod Saratogą 1777
23%
pod Falaise 1944
23%
pod Jeną 1806
22%
pod Platejami 479 pne
22%
pod Frydlandem 1807
21%
pod Guadalcanalem 1942
21%
nad Granikiem 334 pne
21%
pod Sadową 1866
20%
pod Gorlicami 1915
19%
pod Orszą 1514
18%
pod Solferino 1859
18%
na Lechowym Polu 955
17%
pod Lützen (I) 1632
16%
na Polach Katalaunijskich 451
16%
pod Lepanto 1571
14%
pod Naseby 1645
14%
pod Marengo 1800
14%
pod Farsalos 48 pne
13%
pod Azincourt 1415
12%
pod Chojnicami (I) 1454
12%
pod Kliszowem 1702
12%
pod Lützen (II) 1813
12%
pod Magentą 1859
12%
nad Jeziorem Trazymeńskim 217 pne
12%
pod Ausculum 279 pne
12%
pod Alezją 52 pne
12%
na Kulikowym Polu 1380
10%
pod Filippi 42 pne
10%
na Kosowym Polu (I) 1389
9%
pod Leuktrami 371 pne
9%
nad Kałką 1223
8%
pod Nikopolis 1396
8%
pod Adrianopolem 378
8%
o Inczon 1950
6%
pod Legnano 1176
5%
pod Princeton 1777
5%
na jeziorze Pejpus 1242
4%
o Witkową Górę 1420
4%
koło Wysp Arginuskich 406 pne
4%
pod Gravelines 1588
2%
pod Karbalą 680
2%
pod Dałan Bałdżit 1182
1%
Nie znaleziono quizów pasujących do podanych kryteriów
Rozkład punktacji
Procent ludzi z każdym wynikiem
Percentyl według liczby udzielonych odpowiedzi
Twoja historia wyników
Nie rozwiązałeś tego quizu